| 000 | 00850nam a2200205 i 4500 | ||
|---|---|---|---|
| 001 | 83598 | ||
| 003 | ES-MaACL | ||
| 005 | 20230906174847.0 | ||
| 007 | t| | ||
| 008 | 041117s1980 sp ae |||| | spa d | ||
| 080 | _a7(460.222) | ||
| 245 | 0 | 0 | _aInventario artístico de Huesca y su provincia. |
| 260 |
_aMadrid : _bDirección General de Bellas Artes, Archivos y Bibliotecas, _c1980. |
||
| 300 |
_a1 t. en 2 v. : _bil., planos ; _c18 cm. |
||
| 505 | 8 |
_aContiene: t. I: ; _tPartido Judicial de Huesca / [realizado por Antonio Naval Mas y Joaquín Naval Mas] - v. 1 ; _tCiudad de Huesca, Aguas-Ayerbe - v. 2 ; _tPartido Judicial de Huesca (Banaries-Yequeda) |
|
| 650 | 4 |
_aPatrimonio cultural- _zHuesca (Provincia)- _vInventarios. _9157610 |
|
| 700 | 1 |
_aNaval Mas, Antonio. _985023 |
|
| 700 | 1 |
_aNaval Mas, Joaquín. _985024 |
|
| 852 |
_aES-MaACL _jP-408 |
||
| 999 |
_c83598 _d83598 |
||